Statistiques concernant Jeu vidéo par lettre - E

Cliquez ici pour prendre le quiz!

Statistiques générales

  • Ce quiz a été pris 414 fois
  • Le résultat moyen est 13 sur 20

Statistiques - réponses

IndicesRéponses% Correct
Changement caractéristique des Pokémon, pouvant se produire jusqu'à
deux fois dans leur vie, pouvant aussi être "méga"
Evolution
97%
Version sœur du jeu Pokémon BouclierPokémon {Epée}
97%
Société connue pour ses simulations sportives telles que Fifa, mais aussi
pour d'autres classiques à l'image des Sims
Electronic Arts
96%
Le Professeur Layton et ses acolytes adorent en résoudreEnigmes
93%
Série de Bethesda dont le cinquième opus s'intitule SkyrimThe {Elder} {Scrolls}
86%
Société dont la popularité explosa avec la sortie du battle royale FortniteEpic Games
85%
Salon international annuel du jeu vidéo, organisé à Los AngelesE3
84%
Adaptation d'un classique de Spielberg de 1982 sur Atari 2600
considérée comme responsable du crash de 1983
E.T.
81%
Jument de Link dans plusieurs jeux The Legend of ZeldaEpona
77%
Dimension dans Minecraft accessible via un portail où se déroule
l'affrontement contre un puissant dragon, premier et principal boss du jeu
End
75%
Anciennement appelé Docteur Robotnik, ennemi d'un célèbre hérissonDocteur {Eggman}
69%
Avec Joel, protagoniste de The Last of Us, orpheline et immunisée contre
la pandémie ravageant alors la Terre
Ellie
69%
Noble florentin et assassin le plus récurrent de la licence Assassin's Creed,
ayant eu droit à trois jeux et deux courts-métrages
Ezio
69%
Célèbre dauphin de l'ère 16-bits, adepte de voyage dans le temps et lié
à d'anciennes civilisations telles que l'Atlantide
Ecco
51%
Aussi connu sous le nom de Mother 2, dont Ness est le protagonisteEarthBound
39%
Jeu de plateformes emblématique de l'ère 16-bits réputé pour sa qualité
d'animation, son humour et le ver de terre qui lui sert de protagoniste
Earthworm Jim
31%
Classe associée à la chance dans les jeux Dofus et WakfuEcaflip
29%
Jeu de course de moto de la NES réalisé par Miyamoto auquel un circuit
de Mario Kart 8 rend hommage
Excitebike
23%
Princesse de Soleanna que Sonic, dont elle est amoureuse, doit secourirElise
16%
Jeu de stratégie de 2000 ayant donné lieu à plusieurs suites permettant
de contrôler jusqu'à 600 régions de notre monde à travers son Histoire
Europa Universalis
8%

Distribution des résultats

Percentile par nombre de réponses

% des personnes avec chaque résultat

Votre développement - résultats

Vous n’avez pas pris ce quiz